| 000 | 00501nam a22001817a 4500 | ||
|---|---|---|---|
| 003 | MPLRDC | ||
| 005 | 20220104182259.0 | ||
| 008 | 210129b ||||| |||| 00| 0 eng d | ||
| 020 | _a7-5391-3197-9 | ||
| 082 | _a947.47 TZBEX-87 v.2 | ||
| 100 | _a藤子不二雄编绘 | ||
| 245 |
_a大雄的日本诞生 _c碧日译 |
||
| 260 |
_a中国 _b二十一世纪出版社 _c2006 |
||
| 300 | _b267 | ||
| 490 | _a哆啦A梦彩色电影完全纪念版 | ||
| 650 | _a漫画 | ||
| 942 |
_cBK _o947.47 TZBEX-87 v.2 |
||
| 999 |
_c61883 _d61873 |
||